000 00862nab a2200253 u 4500
001 19211
003 HDC
007 cr bn ---aaaaa
008 210228c20110204xx dr|noo 0 a eng d
040 _aHDC
245 0 _aPhilippines: Gov't targets to finalize national Halal standards by April
260 _a[No place] :
_b[publisher not identified],
_c2011
300 _a1 online resource
336 _atext
_2rdacontent
337 _acomputer
_2rdamedia
338 _aonline resource
_2rdacarrier
650 _ahalal products
_9642
650 _anational Halal standards
_zPhilippines
_917726
710 _aHalal Focus
856 _zRequest full-text at [email protected]
942 _2lcc
942 _cNEWS
942 _kNWSO 006183
999 _c16527
_d16527